| 000 | 00812cab a2200241 4500 | ||
|---|---|---|---|
| 001 | ABS53359 | ||
| 008 | 090401t1995 xxu||||| |||| 00| 0 eng d | ||
| 035 | _a(Sirsi) u3732 | ||
| 041 | _aeng | ||
| 100 | _aPowell-Smith, V. | ||
| 245 | _aGuaranteed payment | ||
| 260 | _c1995 | ||
| 350 | _a0 | ||
| 490 |
_aContract Journal _v380(6039) 24 August 1995, 10(1) |
||
| 520 | _aDiscusses "Trafalgar House Construction (Regions) Ltd v General Surety & Guarantee Co Ltd" HL 1995 (see Abs ) distinguishing between guaranteesntees nnd on demand performance bonds. | ||
| 650 | _aGUARANTEES | ||
| 650 | _aPERFORMANCE BONDS | ||
| 650 | _aSURETIES | ||
| 650 | _aTRAFALGAR HUSE CONSTRUCTION (REGIONS) LTD V GENERAL SURETY | ||
| 690 | _aBUILT ENVIRONMENT-BUILDING CONTRACT FORMS | ||
| 942 | _n0 | ||
| 948 | _c04/03/1997 | ||
| 999 |
_c2279 _d2279 |
||